MARC details
| 000 -LEADER |
| fixed length control field |
01539 am a2200373 4500 |
| 001 - CONTROL NUMBER |
| control field |
200427201 |
| 003 - CONTROL NUMBER IDENTIFIER |
| control field |
TR-AnTOB |
| 005 - DATE AND TIME OF LATEST TRANSACTION |
| control field |
20190709153943.0 |
| 008 - FIXED-LENGTH DATA ELEMENTS--GENERAL INFORMATION |
| fixed length control field |
170307s2016 tu f 000 0 d |
| 020 ## - INTERNATIONAL STANDARD BOOK NUMBER |
| International Standard Book Number |
9789755372426 |
| 040 ## - CATALOGING SOURCE |
| Original cataloging agency |
TR-AnTOB |
| Language of cataloging |
eng |
| Transcribing agency |
TR-AnTOB |
| Description conventions |
rda |
| 041 ## - LANGUAGE CODE |
| Language code of text/sound track or separate title |
Türkçe |
| 050 00 - LIBRARY OF CONGRESS CALL NUMBER |
| Classification number |
KKX920 |
| 090 ## - LOCALLY ASSIGNED LC-TYPE CALL NUMBER (OCLC); LOCAL CALL NUMBER (RLIN) |
| Classification number (OCLC) (R) ; Classification number, CALL (RLIN) (NR) |
KKX920 |
| Local cutter number (OCLC) ; Book number/undivided call number, CALL (RLIN) |
.A75 2016 |
| 100 1# - MAIN ENTRY--PERSONAL NAME |
| Personal name |
Arkan, Sabih |
| Dates associated with a name |
1948 |
| 245 10 - TITLE STATEMENT |
| Title |
Ticari işletme hukuku / |
| Statement of responsibility, etc. |
Sabih Arkan. |
| 250 ## - EDITION STATEMENT |
| Edition statement |
Gözden geçirilmiş ve güncellenmiş 22. bs. |
| 264 ## - PRODUCTION, PUBLICATION, DISTRIBUTION, MANUFACTURE, AND COPYRIGHT NOTICE |
| Place of production, publication, distribution, manufacture |
Ankara : |
| Name of producer, publisher, distributor, manufacturer |
BTHAE, |
| Date of production, publication, distribution, manufacture, or copyright notice |
2016. |
| 300 ## - PHYSICAL DESCRIPTION |
| Extent |
xxvii, 437 pages; |
| Dimensions |
25 cm |
| 336 ## - CONTENT TYPE |
| Content type term |
text |
| Content type code |
rdacontent |
| Source |
rdacontent |
| 337 ## - MEDIA TYPE |
| Media type term |
unmediated |
| Media type code |
rdamedia |
| Source |
rdamedia |
| 338 ## - CARRIER TYPE |
| Carrier type term |
volume |
| Carrier type code |
rdacarrier |
| Source |
rdacarrier |
| 490 0# - SERIES STATEMENT |
| Series statement |
Banka ve Ticaret Hukuku Araştırma Enstitüsü Yayın No ; |
| Volume/sequential designation |
505 |
| 504 ## - BIBLIOGRAPHY, ETC. NOTE |
| Bibliography, etc. note |
|
| 505 ## - FORMATTED CONTENTS NOTE |
| Title |
Ticaret ve Ticaret Hukuku |
| -- |
Ticari İşletme |
| -- |
Ticari İşler ve Tabi Oldukları Hükümler |
| -- |
Ticari Yargı |
| -- |
Ticaret Sicili |
| -- |
Marka |
| -- |
Haksız Rekabet |
| 520 ## - SUMMARY, ETC. |
| Summary, etc. |
Hukuk fakültelerindeki temel derslerden birisi olan "Ticari İşletme Hukuku" isimli derse göre hazırlanmış olan bu kitap, bugüne kadar birlerce kişi tarafından ders kitabı olarak kullanılmıştır. Kitap temel bir ders kitabıdır.<br/> |
| 590 ## - LOCAL NOTE (RLIN) |
| Local note |
Donated by Ankara Valiliği. |
| 650 #4 - SUBJECT ADDED ENTRY--TOPICAL TERM |
| Topical term or geographic name entry element |
Business enterprises |
| General subdivision |
Law and legislation |
|
| Topical term or geographic name entry element |
Ticari işletme hukuku |
|
| Topical term or geographic name entry element |
Commercial law |
|
| Topical term or geographic name entry element |
Ticaret hukuku |
| 942 ## - ADDED ENTRY ELEMENTS (KOHA) |
| Source of classification or shelving scheme |
Library of Congress Classification |
| Koha item type |
Book |